Tovább javítják Szegeden az üzemi étkeztetést önkiszolgáló éttermek nyílnak, több konyhát bővítenek

Elmentve itt :
Bibliográfiai részletek
Dokumentumtípus: Cikk
Megjelent: 1961-06-11
Sorozat:Délmagyarország
Kulcsszavak:Közétkeztetés Szeged 1961
Online Access:http://dmarchiv.bibl.u-szeged.hu/54888
LEADER 00490nab a2200145 i 4500
001 delm54888
005 20180927141858.0
008 180927s1961 hu o 0|| hun d
040 |a SZTE Délmagyarország Archívum  |b hun 
041 |a hun 
245 0 0 |a Tovább javítják Szegeden az üzemi étkeztetést   |h [elektronikus dokumentum] :  |b önkiszolgáló éttermek nyílnak, több konyhát bővítenek 
260 |c 1961-06-11 
300 |a 7 
490 0 |a Délmagyarország 
695 |a Közétkeztetés Szeged 1961